Top 10 największych gospodarek w obu Amerykach - Statystyki

Ogólne statystyki
  • Ten quiz został rozwiązany 5 356 razy
  • Średni wynik to 9 z 10
Statystyki odpowiedzi
PKB Państwo % Poprawnych
2,24 bln Kanada
100%
25,4 bln Stany Zjednoczone
100%
1,20 bln Argentyna
99%
3,68 bln Brazylia
99%
2,89 bln Meksyk
99%
568 mld Chile
95%
941 mld Kolumbia
94%
514 mld Peru
91%
228 mld Ekwador
79%
255 mld Dominikana
52%
Nie znaleziono quizów pasujących do podanych kryteriów
Rozkład punktacji
Procent ludzi z każdym wynikiem
Percentyl według liczby udzielonych odpowiedzi
Twoja historia wyników
Nie rozwiązałeś tego quizu